| 000 | 00561nam a2200193 i 4500 | ||
|---|---|---|---|
| 001 | 179839 | ||
| 003 | ES-MaACL | ||
| 005 | 20230926193826.0 | ||
| 008 | 120131s2011 sp |||| | spa d | ||
| 020 | _a978-84-204-0726-5 | ||
| 080 | _a821.134.2-31"19" | ||
| 100 | 1 |
_aPrado, Benjamín. _993605 |
|
| 245 | 1 | 0 |
_aOperación Gladio / _cBenjamín Prado. |
| 260 |
_a[Madrid] : _bAlfaguara, _c[2011] |
||
| 300 |
_a380 p. ; _c24 cm. |
||
| 852 |
_aES-MaACL _jA-11947 _9186740 _bR.146740 _cDEPO1 _dOlim: N-4952 |
||
| 942 |
_2udc _cMONOGRAFIA |
||
| 999 |
_c179839 _d179839 |
||